| 000 | 00513nam a2200181Ia 4500 | ||
|---|---|---|---|
| 001 | 6658 | ||
| 008 | 140320s9999 xx 000 0 und d | ||
| 020 | _a81-86104-79-8 | ||
| 040 | _cPK-LaUMT | ||
| 082 |
_a 658.406 _bAND-R |
||
| 100 | _aAnderson, Alan H. | ||
| 245 |
_aResult oriented enterprise and change management _cAnderson, Alan H.<>Barker, Dennis, Jt. Auth. |
||
| 260 |
_aNew Delhi,India: _bBeacon Books, _c1998. |
||
| 300 | _a214 p. | ||
| 546 | _aEN | ||
| 700 | _aBarker, Dennis, Jt. Auth. | ||
| 942 | _cBK | ||
| 999 |
_c8209 _d8209 |
||